| 000 | 01331nam0a2200361 4500 | ||
|---|---|---|---|
| 001 | RU\NLR\BIBL_A\012450464 | ||
| 005 | 20210220103129.0 | ||
| 010 |
_a978-5-17-092459-2 _97000 |
||
| 021 |
_aRU _bКН-П-19-028698 _9КН-П-19-4651 |
||
| 035 | _a(NLR Aleph) 012450464 | ||
| 035 | _a(RuMoRGB)010183272 | ||
| 090 |
_a11973082 _c11973082 |
||
| 100 | _a20210210d2019 b y0rusy50 ca | ||
| 101 | 0 | _arus | |
| 102 | _aRU | ||
| 105 | _aa|||z|||000gy | ||
| 181 | 0 |
_ai _baxxe |
|
| 182 | 0 | _an | |
| 200 | 1 |
_aВот какой рассеянный _e[стихи _eдля детей до 3-х лет] _fС. Маршак _gрисунки С. Бордюга [и др.] |
|
| 203 |
_aТекст _bвизуальный _cнепосредственный |
||
| 210 |
_aМосква _cМалыш _cАСТ _d2019 |
||
| 215 |
_a60, [4] с. _cцв. ил. _d17 |
||
| 225 | 1 | _aКнижная полка "Малыша" | |
| 333 | _a0+, 6- | ||
| 686 | 0 | _aШ9(2)60=Р7-5 | |
| 700 | 1 |
_aМаршак _bС. Я. _f1887-1964 _gСамуил Яковлевич _3RU\NLR\AUTH\774792 |
|
| 702 | 1 |
_aБордюг _bС. И. _cхудожник _f1953- _gСергей Иванович _3RU\NLR\AUTH\7745729 _4440 |
|
| 942 | _cBOOK | ||
| 980 | _aNBR | ||
| 980 | _aNB | ||